000 00589nam a2200169Ia 4500
008 090201s9999 xx 000 0 und d
010 _aKPL-72009
040 _bमराठी
041 _aमराठी
082 _a52296
_b72009
100 _aबाळ गाडगीळ
245 _aअमेरिकन संस्कृती (रामबाग)
_cबाळ गाडगीळ
260 _c2007
_bमेघना प्रकाशन
300 _a208
_bलहान
600 _aअमेरिकन संस्कृती (रामबाग)
942 _cBOOK
999 _c248744
_d248744